<?xml version="1.0" encoding="UTF-8"?>
<record
    xmlns:xsi="http://www.w3.org/2001/XMLSchema-instance"
    xsi:schemaLocation="http://www.loc.gov/MARC21/slim http://www.loc.gov/standards/marcxml/schema/MARC21slim.xsd"
    xmlns="http://www.loc.gov/MARC21/slim">

  <leader>00363    a2200145   4500</leader>
  <datafield tag="952" ind1=" " ind2=" ">
    <subfield code="0">0</subfield>
    <subfield code="1">0</subfield>
    <subfield code="4">0</subfield>
    <subfield code="7">0</subfield>
    <subfield code="8">NFIC</subfield>
    <subfield code="a">LL</subfield>
    <subfield code="b">LL</subfield>
    <subfield code="c">GEN</subfield>
    <subfield code="d">2021-06-08</subfield>
    <subfield code="l">14</subfield>
    <subfield code="m">6</subfield>
    <subfield code="o">KF9201SNY2013</subfield>
    <subfield code="p">004688</subfield>
    <subfield code="r">2025-09-16 11:59:35</subfield>
    <subfield code="s">2025-09-06</subfield>
    <subfield code="t">C.1</subfield>
    <subfield code="w">2021-06-08</subfield>
    <subfield code="y">BK</subfield>
  </datafield>
  <datafield tag="952" ind1=" " ind2=" ">
    <subfield code="0">0</subfield>
    <subfield code="1">0</subfield>
    <subfield code="4">0</subfield>
    <subfield code="7">0</subfield>
    <subfield code="8">NFIC</subfield>
    <subfield code="a">LL</subfield>
    <subfield code="b">LL</subfield>
    <subfield code="c">GEN</subfield>
    <subfield code="d">2021-06-08</subfield>
    <subfield code="l">0</subfield>
    <subfield code="o">KF9201SNY2013</subfield>
    <subfield code="p">000578</subfield>
    <subfield code="r">2021-06-08 00:00:00</subfield>
    <subfield code="t">C.2</subfield>
    <subfield code="w">2021-06-08</subfield>
    <subfield code="y">BK</subfield>
  </datafield>
  <datafield tag="999" ind1=" " ind2=" ">
    <subfield code="c">9242</subfield>
    <subfield code="d">9242</subfield>
  </datafield>
  <datafield tag="020" ind1=" " ind2=" ">
    <subfield code="a">9781485101505</subfield>
  </datafield>
  <datafield tag="050" ind1=" " ind2=" ">
    <subfield code="a">KF9201SNY2013</subfield>
  </datafield>
  <datafield tag="100" ind1=" " ind2=" ">
    <subfield code="a">Snyman , CR</subfield>
    <subfield code="e">author</subfield>
  </datafield>
  <datafield tag="245" ind1=" " ind2=" ">
    <subfield code="a">Criminal Law workbook /</subfield>
    <subfield code="c">CR Snyman</subfield>
  </datafield>
  <datafield tag="264" ind1=" " ind2=" ">
    <subfield code="a">Cape town:</subfield>
    <subfield code="b">Juta,</subfield>
    <subfield code="c">2013</subfield>
  </datafield>
  <datafield tag="300" ind1=" " ind2=" ">
    <subfield code="a">129p. ;</subfield>
  </datafield>
  <datafield tag="500" ind1=" " ind2=" ">
    <subfield code="a">includes index</subfield>
  </datafield>
  <datafield tag="650" ind1=" " ind2=" ">
    <subfield code="a">criminal law</subfield>
  </datafield>
  <datafield tag="942" ind1=" " ind2=" ">
    <subfield code="2">lcc</subfield>
    <subfield code="c">BK</subfield>
    <subfield code="h">9201</subfield>
    <subfield code="i">SNY</subfield>
    <subfield code="k">KF</subfield>
  </datafield>
</record>
